000 00974cam a2200253 a 4500
005 20140903175015.0
008 140116s2013 ck ad frn 001 0dspa d
020 _a9789587620832
040 _aCo-BoUCM
_bspa
_cRoberto Burgos
_dDiana Londoño
041 0 0 _aspa
100 1 _aGarcía Palomo, Juan Pedro
_953475
245 1 0 _aNeuromarketing, el otro lado del marketing
_cJuan Pedro García Palomo, Esperanza Martínez Montes
260 _aBogotá
_bEdiciones de la U
_bStarbook
_c2013
300 _a289 páginas
_bilustraciones, cuadros, diagramas y gráficas
504 _aIncluye referencias bibliográficas e índices
650 1 4 _aNeuromercadeo
_953476
650 2 4 _aPsicología del consumidor
_922820
650 2 4 _aServicio al cliente
_924256
650 2 4 _aVentas
_926141
690 _942736
_aAdministración de empresas
700 1 _aMartínez Montes, Esperanza
_953478
942 _a16
_cLIBRO
_e1
_mG216n
_2DEWEY
_h658.81
999 _c184002
_d184002